[Event "Junior Online 4NCL Division 4"]
[Site "online"]
[Date "2020.04.30"]
[Round "3.65"]
[White "Humphreys, Benjamin"]
[Black "Patel, Keatan"]
[Result "1-0"]
[WhiteElo "1255"]
[BlackElo "1367"]
[PlyCount "21"]
[EventDate "2020.04.30"]
[WhiteTeam "Robin Hoods 3"]
[BlackTeam "Warwickshire Bears D"]

1. e4 e5 2. Nf3 Nc6 3. Bb5 d6 4. Bxc6+ bxc6 5. Nc3 d5 6. exd5 cxd5 7. Nxe5 Qg5
8. d4 Qxg2 9. Qf3 Bh3 10. Qxf7+ Kd8 11. Qxf8# 1-0

[Event "Junior Online 4NCL Division 4"]
[Site "online"]
[Date "2020.04.30"]
[Round "3.66"]
[White "Vaidyanathan, Adithya"]
[Black "Babu, Rohan"]
[Result "1-0"]
[WhiteElo "1315"]
[BlackElo "1255"]
[PlyCount "121"]
[EventDate "2020.04.30"]
[WhiteTeam "Warwickshire Bears D"]
[BlackTeam "Robin Hoods 3"]

1. c4 e5 2. b3 Nc6 3. Bb2 Nf6 4. Nc3 Bb4 5. d3 Bc5 6. e4 Nd4 7. Be2 O-O 8. Nf3
Nxe2 9. Qxe2 d6 10. O-O Bg4 11. h3 Bh5 12. a3 a5 13. Nd5 Nxd5 14. exd5 Re8 15.
Rad1 Ra6 16. Bc3 b6 17. b4 axb4 18. axb4 Bd4 19. Bd2 c5 20. b5 Ra2 21. g4 Bg6
22. Nxd4 exd4 23. Qf3 Ra3 24. Bf4 Qf6 25. Qg3 Rd8 26. h4 h6 27. g5 hxg5 28.
Bxg5 Qe5 29. Qxe5 dxe5 30. Bxd8 Bxd3 31. Bxb6 Bxf1 32. Rxf1 Rc3 33. Bxc5 Rxc4
34. Bd6 f6 35. b6 Rc8 36. b7 Rd8 37. b8=Q Rxb8 38. Bxb8 e4 39. Rd1 d3 40. f3
exf3 41. Rxd3 f5 42. Rxf3 g6 43. h5 gxh5 44. Rxf5 Kg7 45. Rxh5 Kg6 46. Re5 Kf6
47. d6 Kxe5 48. d7+ Ke6 49. d8=Q Kf5 50. Be5 Kxe5 51. Qd7 Ke4 52. Qf7 Kd3 53.
Qe6 Kc2 54. Qd5 Kb1 55. Qc4 Ka1 56. Qb4 Ka2 57. Kf1 Ka1 58. Ke1 Ka2 59. Kd1 Ka1
60. Kc1 Ka2 61. Qb2# 1-0

[Event "Junior Online 4NCL Division 4"]
[Site "online"]
[Date "2020.04.30"]
[Round "3.67"]
[White "Krasnov, Maksim"]
[Black "Vaidyanathan, Sathya"]
[Result "1-0"]
[WhiteElo "1247"]
[BlackElo "1292"]
[PlyCount "121"]
[EventDate "2020.04.30"]
[WhiteTeam "Robin Hoods 3"]
[BlackTeam "Warwickshire Bears D"]

1. e4 e5 2. Nf3 Nc6 3. Bc4 Bc5 4. Nc3 Nf6 5. d3 h6 6. Be3 Bxe3 7. fxe3 d6 8. d4
exd4 9. Nxd4 Nxd4 10. exd4 Bg4 11. Qd3 Qe7 12. h3 Be6 13. Bxe6 Qxe6 14. O-O-O
O-O 15. Rhe1 c5 16. e5 dxe5 17. dxe5 Rad8 18. Qxd8 Rxd8 19. Rxd8+ Kh7 20. exf6
Qxe1+ 21. Rd1 Qe3+ 22. Rd2 Qg1+ 23. Nd1 gxf6 24. Rd7 Kg6 25. Rxb7 Qxg2 26. Rxa7
Qxh3 27. c3 Qh5 28. b4 cxb4 29. cxb4 Qg5+ 30. Kc2 Qg2+ 31. Kc1 Qc6+ 32. Kb2 Qb6
33. Ra4 Qd4+ 34. Nc3 Qd2+ 35. Kb3 Qg5 36. b5 Qe3 37. Rb4 Qc5 38. b6 Qc6 39. b7
Qe6+ 40. Kb2 Qd6 41. b8=Q Qxb8 42. Rxb8 h5 43. Rg8+ Kf5 44. Kc2 h4 45. Kd2 h3
46. Rh8 Kg4 47. Ne2 Kf3 48. Rxh3+ Kf2 49. a4 f5 50. a5 f4 51. a6 f3 52. a7 fxe2
53. Rh2+ Kf3 54. Rxe2 Kf4 55. a8=Q f5 56. Rf2+ Kg4 57. Qf3+ Kg5 58. Qxf5+ Kh4
59. Qg6 Kh3 60. Rf4 Kh2 61. Rh4# 1-0

[Event "Junior Online 4NCL Division 4"]
[Site "online"]
[Date "2020.04.30"]
[Round "3.68"]
[White "Sagyaman, Vassily M"]
[Black "Pannu, Aaron"]
[Result "1-0"]
[WhiteElo "1232"]
[BlackElo "1240"]
[PlyCount "61"]
[EventDate "2020.04.30"]
[WhiteTeam "Warwickshire Bears D"]
[BlackTeam "Robin Hoods 3"]

1. e4 d5 2. exd5 Qxd5 3. Nf3 Nf6 4. d4 Bf5 5. c4 Qd6 6. Nc3 Nbd7 7. Be3 c6 8.
Be2 Qb4 9. Qd2 Ne4 10. Nxe4 Qxd2+ 11. Nexd2 e6 12. O-O Bb4 13. Rad1 O-O 14. Ne5
Rfd8 15. Nxd7 Rxd7 16. a3 Be7 17. Nf3 Bc2 18. Rd2 Bb3 19. Ne5 Rdd8 20. f4 f6
21. Nd3 Bxc4 22. Nc5 Bxc5 23. Bxc4 b5 24. Bxe6+ Kf8 25. dxc5 Re8 26. Rd6 Ke7
27. Rxc6 Kd8 28. Rd6+ Kc7 29. Rfd1 h5 30. Rd7+ Kc6 31. R1d6# 1-0

[Event "Junior Online 4NCL Division 4"]
[Site "online"]
[Date "2020.04.30"]
[Round "3.71"]
[White "Holland, Nicolas"]
[Black "Guha, Anuraag"]
[Result "0-1"]
[WhiteElo "1225"]
[BlackElo "1277"]
[PlyCount "164"]
[EventDate "2020.04.30"]
[WhiteTeam "Watford 3"]
[BlackTeam "Warwickshire Bears E"]

1. e4 e5 2. Nf3 Nc6 3. Bc4 Nf6 4. Nc3 Bc5 5. O-O O-O 6. d3 d6 7. Bg5 h6 8. Bh4
g5 9. Bg3 Bg4 10. h3 Bh5 11. Bh2 Nd4 12. g4 Nxf3+ 13. Qxf3 Bg6 14. Rfe1 h5 15.
Nd5 Nxd5 16. exd5 hxg4 17. hxg4 Qe7 18. Bb5 f5 19. Bg3 f4 20. Bh2 a6 21. Bc4 b5
22. Bb3 Rad8 23. c4 bxc4 24. Bxc4 Bb4 25. Re2 Ra8 26. a3 Bc5 27. b4 Bb6 28. a4
a5 29. b5 Bd4 30. Rb1 Qg7 31. Rb3 Rab8 32. Kf1 Rfe8 33. Kg2 Re7 34. Kg1 Rbe8
35. Rb1 e4 36. dxe4 Bxe4 37. Rxe4 Rxe4 38. Bd3 Re1+ 39. Kg2 Rxb1 40. Bxb1 Qe7
41. Bg6 Rf8 42. Qd3 Qg7 43. Be4 Be5 44. Kg1 Qh6 45. Qf3 Qh4 46. Bd3 Kf7 47. Be4
Ke7 48. Bd3 Rh8 49. Be4 Qxh2+ 50. Kf1 Qh3+ 51. Qxh3 Rxh3 52. Bg2 Ra3 53. b6
cxb6 54. Be4 Rxa4 55. Bd3 Rd4 56. Bb5 Rxd5 57. Bc4 Rc5 58. Bg8 a4 59. Ba2 Rc1+
60. Ke2 Ra1 61. Bg8 a3 62. Kd2 Kf8 63. Kc2 Rf1 64. Kb3 Rxf2 65. Kxa3 Kxg8 66.
Kb3 Rg2 67. Kc4 f3 68. Kb5 f2 69. Kxb6 f1=Q 70. Kc7 Qc1+ 71. Kd7 d5 72. Ke6 d4
73. Kxe5 d3 74. Ke4 d2 75. Kf5 d1=Q 76. Kg6 Qc6+ 77. Kh5 Rh2+ 78. Kxg5 Qdd5+
79. Kf4 Qdd6+ 80. Kg5 Qg6+ 81. Kf4 Qcf6+ 82. Kg3 Qf2# 0-1

[Event "Junior Online 4NCL Division 4"]
[Site "online"]
[Date "2020.04.30"]
[Round "3.72"]
[White "Purushothaman, Amitesh"]
[Black "Tathare, Rohan"]
[Result "0-1"]
[WhiteElo "1285"]
[BlackElo "1285"]
[PlyCount "54"]
[EventDate "2020.04.30"]
[WhiteTeam "Warwickshire Bears E"]
[BlackTeam "Watford 3"]

1. d4 d5 2. c4 c6 3. Nf3 Bf5 4. cxd5 cxd5 5. Bf4 Nc6 6. a3 a6 7. e3 Nf6 8. Bd3
Bxd3 9. Qxd3 e6 10. Nc3 Bd6 11. Ne5 O-O 12. O-O Ne8 13. Nxc6 bxc6 14. Bxd6 Qxd6
15. e4 dxe4 16. Nxe4 Qd5 17. Nc3 Qg5 18. Rfe1 Nf6 19. Ne4 Nxe4 20. Qxe4 Rfc8
21. Rac1 Rab8 22. Rxc6 Rxc6 23. Qxc6 Qd2 24. Rc1 h6 25. Qc3 Rxb2 26. h3 Qxf2+
27. Kh1 Qxg2# 0-1

[Event "Junior Online 4NCL Division 4"]
[Site "online"]
[Date "2020.04.30"]
[Round "3.73"]
[White "Demyan, Leo"]
[Black "Gibara, Astrid"]
[Result "0-1"]
[WhiteElo "1157"]
[BlackElo "1187"]
[PlyCount "52"]
[EventDate "2020.04.30"]
[WhiteTeam "Watford 3"]
[BlackTeam "Warwickshire Bears E"]

1. e4 e5 2. Nf3 Nc6 3. Bc4 Nf6 4. Ng5 d5 5. exd5 Nxd5 6. Bxd5 Qxg5 7. Bxc6+
bxc6 8. d3 Qxg2 9. Rf1 Qxh2 10. Nc3 Ba6 11. Bd2 Bc5 12. Be3 Bb4 13. Bd2 O-O 14.
Qg4 Bc8 15. Qxb4 Bh3 16. O-O-O Bxf1 17. Rxf1 Rab8 18. Qe4 c5 19. b3 a5 20. Nd5
c6 21. Ne7+ Kh8 22. Nxc6 f5 23. Qa4 Ra8 24. Nxa5 e4 25. dxe4 Qe5 26. exf5 Qa1#
0-1

[Event "Junior Online 4NCL Division 4"]
[Site "online"]
[Date "2020.04.30"]
[Round "3.74"]
[White "Vora, Ravi"]
[Black "Khandelwal, Akshaj"]
[Result "0-1"]
[WhiteElo "1150"]
[BlackElo "1150"]
[PlyCount "180"]
[EventDate "2020.04.30"]
[WhiteTeam "Warwickshire Bears E"]
[BlackTeam "Watford 3"]

1. e4 c6 2. Nc3 d5 3. d3 dxe4 4. dxe4 Qxd1+ 5. Nxd1 Nf6 6. Nc3 e5 7. Nf3 Nbd7
8. Bc4 Bc5 9. O-O O-O 10. Bg5 Bd6 11. Rad1 Bc7 12. a4 Nb6 13. Bb3 Bg4 14. Rd3
Nh5 15. h3 Bxf3 16. Rxf3 h6 17. Be3 Nf6 18. a5 Nbd7 19. Rd1 Rfd8 20. Ra1 b6 21.
a6 Bd6 22. Bd2 Bb4 23. Be1 Bxc3 24. Bxc3 Nxe4 25. Bxf7+ Kh8 26. Ra3 Nxc3 27.
Raxc3 c5 28. Bd5 Rac8 29. Rf7 Nf6 30. Bb7 Rb8 31. Rg3 Rg8 32. Re7 Rbe8 33. Rxe8
Rxe8 34. Bc6 Rd8 35. c4 Rd2 36. b3 Rd1+ 37. Kh2 Nh5 38. Bf3 Nxg3 39. Bxd1 Ne4
40. f3 Nc3 41. Bc2 Kg8 42. g4 Kf7 43. Kg3 Ke6 44. h4 Kf6 45. f4 exf4+ 46. Kxf4
g5+ 47. hxg5+ hxg5+ 48. Kf3 b5 49. cxb5 Nxb5 50. Bd3 Nc3 51. Bf5 Na2 52. Bh7
Nb4 53. Bg8 Nxa6 54. Bc4 Nb4 55. Bg8 Kg7 56. Bc4 Nc2 57. Ke4 Kf6 58. Bd3 Nb4
59. Bf1 Ke6 60. Bc4+ Kd6 61. Kf5 Ke7 62. Kxg5 Kf8 63. Kf6 Nc2 64. g5 Ne3 65. g6
Ng4+ 66. Ke6 Kg7 67. Kf5 Ne3+ 68. Kg5 Nxc4 69. bxc4 a5 70. Kf4 a4 71. Ke3 a3
72. Ke4 a2 73. Kd5 a1=Q 74. Kxc5 Qd1 75. Kb5 Kxg6 76. c5 Qb3+ 77. Kc6 Kf6 78.
Kd6 Qd3+ 79. Kc6 Ke6 80. Kb6 Qb3+ 81. Kc6 Qd5+ 82. Kb6 Kd7 83. Kb5 Kc7 84. Kb4
Kc6 85. Kc3 Kxc5 86. Kc2 Kc4 87. Kb2 Qd3 88. Kc1 Qe2 89. Kb1 Kb3 90. Kc1 Qc2#
0-1

[Event "Junior Online 4NCL Division 4"]
[Site "online"]
[Date "2020.04.30"]
[Round "3.75"]
[White "Guha, Anuraag"]
[Black "Holland, Nicolas"]
[Result "1-0"]
[WhiteElo "1277"]
[BlackElo "1225"]
[PlyCount "39"]
[EventDate "2020.04.30"]
[WhiteTeam "Warwickshire Bears E"]
[BlackTeam "Watford 3"]

1. e4 e6 2. d4 d5 3. e5 c5 4. c3 Nc6 5. Qb3 Nge7 6. Nd2 Ng6 7. Qc2 Be7 8. Ngf3
O-O 9. Bd3 Nf4 10. O-O Nb4 11. cxb4 c4 12. Bxh7+ Kh8 13. g3 Nh3+ 14. Kg2 Ng5
15. Nxg5 Bxg5 16. Nf3 Bxc1 17. Raxc1 g6 18. Bxg6 fxg6 19. Qxg6 Rg8 20. Qh6# 1-0

[Event "Junior Online 4NCL Division 4"]
[Site "online"]
[Date "2020.04.30"]
[Round "3.76"]
[White "Tathare, Rohan"]
[Black "Purushothaman, Amitesh"]
[Result "0-1"]
[WhiteElo "1285"]
[BlackElo "1285"]
[PlyCount "104"]
[EventDate "2020.04.30"]
[WhiteTeam "Watford 3"]
[BlackTeam "Warwickshire Bears E"]

1. e4 c5 2. Nc3 e6 3. f4 Nc6 4. Nf3 Qc7 5. Bc4 d6 6. O-O a6 7. a4 Be7 8. d3 Nf6
9. Qe1 O-O 10. f5 exf5 11. Ng5 Nd4 12. Qf2 Ng4 13. Qh4 h6 14. Nd5 Bxg5 15. Qxg5
hxg5 16. Nxc7 Rb8 17. c3 Nc2 18. Rb1 Nce3 19. Bxe3 Nxe3 20. Rf3 Nxc4 21. dxc4
fxe4 22. Re3 Bf5 23. h3 Rbc8 24. Nd5 Rfe8 25. g4 Bg6 26. Nb6 Rc6 27. a5 Rxb6
28. axb6 Rc8 29. Rd1 Rc6 30. Rd5 f6 31. Kf2 Kf7 32. Rf3 Rxb6 33. Re3 Rxb2+ 34.
Re2 Rb6 35. Red2 Ke6 36. Ke3 a5 37. Ra2 Ra6 38. Rb2 b6 39. Rbd2 b5 40. cxb5 Rb6
41. c4 f5 42. Ra2 f4+ 43. Kf2 e3+ 44. Kf3 Rxb5 45. cxb5 Kxd5 46. Rxa5 Be4+ 47.
Ke2 Kd4 48. Ra4+ c4 49. b6 f3+ 50. Kf1 Bd3+ 51. Ke1 f2+ 52. Kd1 f1=Q# 0-1

[Event "Junior Online 4NCL Division 4"]
[Site "online"]
[Date "2020.04.30"]
[Round "3.77"]
[White "Gibara, Astrid"]
[Black "Demyan, Leo"]
[Result "0-1"]
[WhiteElo "1187"]
[BlackElo "1157"]
[PlyCount "144"]
[EventDate "2020.04.30"]
[WhiteTeam "Warwickshire Bears E"]
[BlackTeam "Watford 3"]

1. e4 e5 2. Nf3 Nc6 3. Nc3 d6 4. d4 exd4 5. Nxd4 Nxd4 6. Qxd4 Nf6 7. Bf4 Be7 8.
e5 dxe5 9. Bxe5 Qxd4 10. Bxd4 O-O 11. O-O-O Be6 12. g3 Rfd8 13. Bg2 c5 14. Bxf6
Rxd1+ 15. Rxd1 Bxf6 16. Bxb7 Rd8 17. Rxd8+ Bxd8 18. f4 Bh3 19. Nb5 a5 20. Nd6
Bc7 21. Ne4 Bb6 22. b3 f5 23. Ng5 Bg4 24. h3 Be2 25. Bd5+ Kf8 26. Nxh7+ Ke7 27.
Kd2 Bf1 28. Kc3 Kd6 29. Bc4 Bxh3 30. Bg8 Kc6 31. Ng5 Bg4 32. a3 Kb5 33. a4+ Kc6
34. Bc4 Bd8 35. Nf7 Bf6+ 36. Ne5+ Bxe5+ 37. fxe5 Kd7 38. Kd3 g5 39. c3 f4 40.
gxf4 gxf4 41. Ke4 f3 42. Kf4 Bh5 43. e6+ Ke7 44. Kg5 Be8 45. Bd5 f2 46. Bc4 Bc6
47. Kf5 Bg2 48. b4 cxb4 49. cxb4 axb4 50. a5 f1=Q+ 51. Bxf1 Bxf1 52. Ke5 b3 53.
Kd5 b2 54. Kd4 b1=Q 55. Kc5 Qb5+ 56. Kd4 Qxa5 57. Ke4 Kxe6 58. Kf4 Qf5+ 59. Ke3
Qh3+ 60. Ke4 Qg3 61. Kd4 Qf3 62. Kc5 Qe4 63. Kb6 Bb5 64. Ka5 Ba6 65. Kb6 Qb7+
66. Kc5 Bc4 67. Kd4 Qb6+ 68. Kc3 Qe3+ 69. Kb4 Qd3 70. Ka5 Qb1 71. Ka4 Qb5+ 72.
Ka3 Qb3# 0-1

[Event "Junior Online 4NCL Division 4"]
[Site "online"]
[Date "2020.04.30"]
[Round "3.78"]
[White "Khandelwal, Akshaj"]
[Black "Vora, Ravi"]
[Result "1-0"]
[WhiteElo "1150"]
[BlackElo "1150"]
[PlyCount "57"]
[EventDate "2020.04.30"]
[WhiteTeam "Watford 3"]
[BlackTeam "Warwickshire Bears E"]

1. e4 e5 2. Nf3 Nc6 3. Bc4 Be7 4. O-O Nf6 5. Nc3 O-O 6. d3 h6 7. Be3 d6 8. h3
Be6 9. Bxe6 fxe6 10. Re1 d5 11. exd5 Nxd5 12. Nxd5 Qxd5 13. c4 Qd8 14. Bd2 Nd4
15. Nxd4 Qxd4 16. Be3 Qxb2 17. Rb1 Qxa2 18. Rxb7 Rac8 19. Qa1 Qxa1 20. Rxa1
Rcd8 21. Rxc7 Rxd3 22. Rxe7 Rc3 23. Raxa7 Rb8 24. Rxg7+ Kf8 25. Bc5+ Ke8 26.
Rge7+ Kd8 27. Rad7+ Kc8 28. Ra7 Rxc4 29. Re8# 1-0

[Event "Junior Online 4NCL Division 4"]
[Site "online"]
[Date "2020.04.30"]
[Round "3.81"]
[White "Kothari, Jai"]
[Black "Miller, Kai"]
[Result "1-0"]
[WhiteElo "1547"]
[BlackElo "1390"]
[PlyCount "81"]
[EventDate "2020.04.30"]
[WhiteTeam "Woking Warriors"]
[BlackTeam "Hallfield School B"]

1. e4 c5 2. Nf3 d6 3. d4 cxd4 4. Nxd4 g6 5. Nc3 Bg7 6. Be3 e6 7. Be2 Ne7 8. f3
Nbc6 9. Qd2 a5 10. a4 Rb8 11. Ndb5 Bd7 12. Qxd6 Be5 13. Qd2 Ra8 14. Nd4 Bg7 15.
Ncb5 Na7 16. Nxa7 Rxa7 17. Nxe6 fxe6 18. Bxa7 Bxb2 19. Rb1 Bg7 20. Bd4 Bxd4 21.
Qxd4 O-O 22. Rxb7 Nc6 23. Qxd7 Qxd7 24. Rxd7 Nb4 25. Bd3 Rc8 26. O-O Nxc2 27.
Rc1 Kf8 28. Rxc2 Rxc2 29. Bxc2 h5 30. Ra7 Ke8 31. Rxa5 g5 32. Rb5 g4 33. a5 h4
34. a6 g3 35. a7 gxh2+ 36. Kxh2 Kf7 37. a8=Q Kf6 38. Qf8+ Kg6 39. Rb7 h3 40.
Rg7+ Kh6 41. Qh8# 1-0

[Event "Junior Online 4NCL Division 4"]
[Site "online"]
[Date "2020.04.30"]
[Round "3.82"]
[White "Muthuvelu, Rithvik"]
[Black "Phillips, Freddie"]
[Result "1-0"]
[WhiteElo "1337"]
[BlackElo "1390"]
[PlyCount "65"]
[EventDate "2020.04.30"]
[WhiteTeam "Hallfield School B"]
[BlackTeam "Woking Warriors"]

1. e4 e5 2. Nf3 Nc6 3. Bc4 Nf6 4. Nc3 Bb4 5. a3 Bxc3 6. bxc3 Nxe4 7. d3 Nf6 8.
Bg5 O-O 9. Bd5 Qe7 10. Bxc6 bxc6 11. O-O d5 12. d4 exd4 13. Re1 Qd6 14. Nxd4
Bg4 15. Qd2 Ne4 16. Qd3 Nxg5 17. Re3 c5 18. Nf5 Qg6 19. Ne7+ Kh8 20. Nxg6+ fxg6
21. Rg3 Bf5 22. Qxd5 Ne4 23. Rf3 Rad8 24. Qc6 Nd2 25. Re3 Bd7 26. Qxc7 Nc4 27.
Re7 Nb6 28. Qe5 Rg8 29. Rd1 h6 30. Qxc5 g5 31. Rde1 h5 32. Qxg5 Nd5 33. Qxh5#
1-0

[Event "Junior Online 4NCL Division 4"]
[Site "online"]
[Date "2020.04.30"]
[Round "3.83"]
[White "Wicks, Alexander"]
[Black "Kuang, Felix"]
[Result "0-1"]
[WhiteElo "1285"]
[BlackElo "1247"]
[PlyCount "120"]
[EventDate "2020.04.30"]
[WhiteTeam "Woking Warriors"]
[BlackTeam "Hallfield School B"]

1. e4 e5 2. Nf3 Nc6 3. Bb5 Nf6 4. O-O Ng4 5. h3 h5 6. Bxc6 dxc6 7. d4 exd4 8.
Nxd4 Qd6 9. Nf3 Qxd1 10. Rxd1 Nf6 11. Nc3 Bd7 12. Bf4 O-O-O 13. a4 Bc5 14. a5
a6 15. Bg5 Rde8 16. e5 Nh7 17. Bf4 f6 18. exf6 Nxf6 19. Ne5 Bf5 20. Nd3 Bd6 21.
Bxd6 cxd6 22. Rac1 Ne4 23. Nxe4 Bxe4 24. Nb4 d5 25. Rd4 g5 26. c4 Kb8 27. cxd5
cxd5 28. Nxd5 Rd8 29. Rxe4 Rxd5 30. Re7 Rxa5 31. Kh2 g4 32. Rcc7 Rb5 33. hxg4
hxg4+ 34. Kg3 Rxb2 35. f3 gxf3 36. gxf3 Rb3 37. Re6 Rc8 38. Rh7 Ka7 39. Rh4 Rb6
40. Re7 a5 41. Ra4 Ka6 42. Re5 Rb5 43. Re6+ b6 44. Kg4 Rb4+ 45. Rxb4 axb4 46.
Re4 Ka5 47. Re3 Ka4 48. Kg3 b3 49. Kf2 Ka3 50. Ke1 Ka2 51. Re2+ b2 52. Kd1 Ka1
53. Kd2 b1=Q 54. Re1 Qxe1+ 55. Kxe1 Rf8 56. Ke2 b5 57. Ke3 b4 58. Kd3 b3 59.
Kc3 b2 60. Kc2 b1=Q+ 0-1

[Event "Junior Online 4NCL Division 4"]
[Site "online"]
[Date "2020.04.30"]
[Round "3.84"]
[White "Sareen, Rohan"]
[Black "Seet, Joshua"]
[Result "1-0"]
[WhiteElo "1187"]
[BlackElo "1277"]
[PlyCount "111"]
[EventDate "2020.04.30"]
[WhiteTeam "Hallfield School B"]
[BlackTeam "Woking Warriors"]

1. d4 d6 2. e4 e5 3. dxe5 dxe5 4. Qxd8+ Kxd8 5. c4 Nf6 6. Nc3 Be6 7. Bg5 Be7 8.
Nf3 Nc6 9. Bd3 Nd4 10. Nxd4 exd4 11. Ne2 Re8 12. Nxd4 h6 13. Nxe6+ fxe6 14.
Bxf6 Bxf6 15. Rb1 Ke7 16. Ke2 Rad8 17. Bc2 Kf8 18. f4 e5 19. f5 Bg5 20. Kf3 a6
21. h4 Bf4 22. Rbd1 Rxd1 23. Rxd1 g5 24. hxg5 hxg5 25. Rd7 Re7 26. Rd8+ Re8 27.
Rxe8+ Kxe8 28. g3 Bd2 29. b3 b5 30. Kg4 bxc4 31. bxc4 c5 32. Kh5 Kf7 33. g4 Kf6
34. Kh6 a5 35. a4 Kf7 36. Kh7 Kf6 37. Kg8 Ke7 38. Kg7 Ke8 39. f6 Bf4 40. f7+
Ke7 41. f8=Q+ Kd7 42. Qxc5 Bg3 43. Qxa5 Be1 44. Qxe1 Kc8 45. Qa5 Kb8 46. Qa6
Kc7 47. Bb3 Kb8 48. Kf7 Kc7 49. Ke7 Kb8 50. Ke6 Kc7 51. Qd6+ Kb7 52. c5 Ka8 53.
Qd7 Kb8 54. Kd6 Ka8 55. Kc6 Kb8 56. Qb7# 1-0

[Event "Junior Online 4NCL Division 4"]
[Site "online"]
[Date "2020.04.30"]
[Round "3.85"]
[White "Miller, Kai"]
[Black "Kothari, Jai"]
[Result "0-1"]
[WhiteElo "1390"]
[BlackElo "1547"]
[PlyCount "78"]
[EventDate "2020.04.30"]
[WhiteTeam "Hallfield School B"]
[BlackTeam "Woking Warriors"]

1. e4 e6 2. d4 d5 3. e5 c5 4. c3 Nc6 5. Nf3 Nh6 6. Bxh6 gxh6 7. Bd3 cxd4 8.
cxd4 Qb6 9. Qd2 Nxd4 10. Nxd4 Bc5 11. Nb3 Bb4 12. Nc3 d4 13. Qxh6 dxc3 14. O-O
cxb2 15. Rab1 Bd7 16. Rxb2 Bc6 17. Qf6 Rg8 18. Bxh7 Rxg2+ 19. Kh1 Rxf2+ 20. Kg1
Rxb2+ 21. Rf2 Rxf2 22. Qxf2 Qxf2+ 23. Kxf2 O-O-O 24. Bd3 Rxd3 25. Ke2 Bb5 26.
Kf2 Kd7 27. h4 Kc6 28. h5 Kd5 29. h6 Rh3 30. Kg2 Rxh6 31. Kf2 Kxe5 32. Ke3 f5
33. a4 Rh3+ 34. Kf2 Rxb3 35. axb5 Kf4 36. b6 Rb2+ 37. Kg1 Kf3 38. bxa7 Bd6 39.
a8=Q Rb1# 0-1

[Event "Junior Online 4NCL Division 4"]
[Site "online"]
[Date "2020.04.30"]
[Round "3.86"]
[White "Phillips, Freddie"]
[Black "Muthuvelu, Rithvik"]
[Result "1-0"]
[WhiteElo "1390"]
[BlackElo "1337"]
[PlyCount "83"]
[EventDate "2020.04.30"]
[WhiteTeam "Woking Warriors"]
[BlackTeam "Hallfield School B"]

1. e4 e5 2. Nf3 Nc6 3. Nc3 Bc5 4. Nxe5 Nxe5 5. d4 Bd6 6. dxe5 Bxe5 7. Qd5 d6 8.
Bc4 Be6 9. Qb5+ c6 10. Qb3 Qf6 11. Bxe6 fxe6 12. Qxb7 Qd8 13. Qxc6+ Qd7 14.
Qxa8+ Qd8 15. Qxa7 Qe7 16. Qxe7+ Nxe7 17. O-O Rf8 18. Bg5 Bf6 19. Bxf6 Rxf6 20.
Rad1 e5 21. Nb5 Kd7 22. c4 Kc6 23. a4 Nc8 24. a5 Kb7 25. b4 Ka6 26. Rd5 Rf7 27.
Nxd6 Nxd6 28. Rxd6+ Kb7 29. b5 Rf8 30. c5 Rc8 31. a6+ Ka7 32. Rd7+ Ka8 33. b6
Rb8 34. Rfd1 g6 35. Rb1 h6 36. c6 Rc8 37. b7+ Kb8 38. c7+ Ka7 39. bxc8=N+ Kxa6
40. Rd6+ Ka5 41. Rdb6 Ka4 42. Ra1# 1-0

[Event "Junior Online 4NCL Division 4"]
[Site "online"]
[Date "2020.04.30"]
[Round "3.87"]
[White "Kuang, Felix"]
[Black "Wicks, Alexander"]
[Result "1-0"]
[WhiteElo "1247"]
[BlackElo "1285"]
[PlyCount "41"]
[EventDate "2020.04.30"]
[WhiteTeam "Hallfield School B"]
[BlackTeam "Woking Warriors"]

1. e4 d5 2. exd5 Nf6 3. Nf3 Nxd5 4. Nc3 Nxc3 5. bxc3 Nc6 6. Bc4 Bg4 7. h3 Bh5
8. d4 e5 9. O-O exd4 10. Re1+ Be7 11. cxd4 Nxd4 12. Be2 Nxe2+ 13. Qxe2 Bxf3 14.
Qxf3 c6 15. Qe4 Rc8 16. Bg5 Rc7 17. Re2 h6 18. Bh4 Rd7 19. Kh2 Rd6 20. Bxe7
Qxe7 21. Qxe7# 1-0

[Event "Junior Online 4NCL Division 4"]
[Site "online"]
[Date "2020.04.30"]
[Round "3.88"]
[White "Seet, Joshua"]
[Black "Sareen, Rohan"]
[Result "0-1"]
[WhiteElo "1277"]
[BlackElo "1187"]
[PlyCount "32"]
[EventDate "2020.04.30"]
[WhiteTeam "Woking Warriors"]
[BlackTeam "Hallfield School B"]

1. e4 e6 2. d4 d5 3. e5 c5 4. Bb5+ Bd7 5. Bxd7+ Qxd7 6. Nc3 cxd4 7. Qxd4 Nc6 8.
Qg4 f6 9. exf6 Nxf6 10. Qe2 Bb4 11. Bd2 O-O 12. O-O-O Bxc3 13. Bxc3 d4 14. Bxd4
Nxd4 15. c3 Nxe2+ 16. Kb1 Qxd1# 0-1

[Event "Junior Online 4NCL Division 4"]
[Site "online"]
[Date "2020.05.07"]
[Round "4.12"]
[White "Holland, Nicolas"]
[Black "Muthuvelu, Rithvik"]
[Result "0-1"]
[WhiteElo "1225"]
[BlackElo "1337"]
[PlyCount "68"]
[EventDate "2020.05.07"]
[WhiteTeam "Watford 3"]
[BlackTeam "Hallfield School B"]

1. e4 e5 2. Nf3 Nc6 3. Bc4 Bc5 4. O-O Nf6 5. Nc3 d6 6. d3 h6 7. h3 O-O 8. Qe1
Be6 9. Bxe6 fxe6 10. Be3 Bb6 11. Bxb6 axb6 12. Qe3 Qe8 13. Nb5 Rc8 14. Rad1 Nh5
15. Rfe1 Qg6 16. g4 Nf4 17. Nc3 Nxh3+ 18. Kh2 Qxg4 19. Rg1 Qh5 20. Rg3 Nxf2+
21. Kg2 Ng4 22. Rh1 Nxe3+ 23. Kg1 Qf7 24. Kf2 Ng4+ 25. Kg2 Ne3+ 26. Kf2 Nc4 27.
b3 Nd2 28. Ke2 Nxf3 29. Ke3 Qf4+ 30. Kf2 Nh4+ 31. Ke2 Qf2+ 32. Kd1 Qxg3 33. Rf1
Rxf1+ 34. Ke2 Qf2# 0-1

[Event "Junior Online 4NCL Division 4"]
[Site "online"]
[Date "2020.05.07"]
[Round "4.13"]
[White "Kuang, Felix"]
[Black "Demyan, Leo"]
[Result "1-0"]
[WhiteElo "1247"]
[BlackElo "1157"]
[PlyCount "77"]
[EventDate "2020.05.07"]
[WhiteTeam "Hallfield School B"]
[BlackTeam "Watford 3"]

1. e4 e5 2. Nf3 Nc6 3. Bc4 h6 4. Nc3 Bb4 5. a3 Bxc3 6. dxc3 Nf6 7. O-O d6 8.
Re1 Bg4 9. h3 Bxf3 10. Qxf3 a6 11. Bd2 b5 12. Bd5 Ne7 13. Bxa8 Qxa8 14. Bxh6
gxh6 15. Qxf6 Rf8 16. Qxh6 d5 17. exd5 Qxd5 18. b3 Rg8 19. f3 Qc5+ 20. Qe3
Qxe3+ 21. Rxe3 f6 22. Rae1 Nf5 23. Rd3 Nh4 24. g4 Kf7 25. Kf2 Ke6 26. f4 Rg7
27. f5+ Kf7 28. Rd7+ Kg8 29. Rxg7+ Kxg7 30. Kg3 Nxf5+ 31. gxf5 Kh6 32. Kh4 Kg7
33. Kh5 Kh7 34. Rg1 Kh8 35. c4 bxc4 36. bxc4 c5 37. Kh6 a5 38. Rd1 a4 39. Rd8#
1-0

[Event "Junior Online 4NCL Division 4"]
[Site "online"]
[Date "2020.05.07"]
[Round "4.14"]
[White "Khandelwal, Akshaj"]
[Black "Sareen, Rohan"]
[Result "1-0"]
[WhiteElo "1150"]
[BlackElo "1187"]
[PlyCount "113"]
[EventDate "2020.05.07"]
[WhiteTeam "Watford 3"]
[BlackTeam "Hallfield School B"]

1. e4 e5 2. Nf3 Nc6 3. Bb5 d6 4. O-O Bg4 5. h3 Bxf3 6. Qxf3 g6 7. Bc4 Qf6 8.
Qxf6 Nxf6 9. d3 Nd4 10. Bb3 O-O-O 11. Bg5 Be7 12. c3 Ne2+ 13. Kh1 Rhe8 14. Re1
Nf4 15. Bxf4 exf4 16. Bxf7 Rf8 17. Bb3 Rfe8 18. d4 Nh5 19. Nd2 Bg5 20. Nf3 h6
21. Bf7 Rf8 22. Bxg6 Nf6 23. Nxg5 hxg5 24. Bf5+ Kb8 25. e5 Nd5 26. Be4 c6 27.
Bxd5 cxd5 28. exd6 Rxd6 29. Re5 Rg8 30. Rae1 Kc7 31. Re7+ Kb6 32. R1e6 Rxe6 33.
Rxe6+ Kb5 34. b3 g4 35. hxg4 Rxg4 36. Re5 Kc6 37. c4 dxc4 38. bxc4 f3 39. gxf3
Rxd4 40. Re4 Rd2 41. Kg2 Rxa2 42. f4 Ra4 43. f5 b5 44. f6 bxc4 45. f7 Kd5 46.
Rxc4 Rxc4 47. f8=Q a5 48. Qa8+ Rc6 49. Qxa5+ Rc5 50. Qd2+ Kc6 51. f4 Ra5 52.
Qxa5 Kb7 53. Qc5 Ka8 54. Qe7 Kb8 55. f5 Kc8 56. f6 Kb8 57. f7 1-0

[Event "Junior Online 4NCL Division 4"]
[Site "online"]
[Date "2020.05.07"]
[Round "4.16"]
[White "Muthuvelu, Rithvik"]
[Black "Holland, Nicolas"]
[Result "0-1"]
[WhiteElo "1337"]
[BlackElo "1225"]
[PlyCount "112"]
[EventDate "2020.05.07"]
[WhiteTeam "Hallfield School B"]
[BlackTeam "Watford 3"]

1. e4 e6 2. Nf3 d5 3. Nc3 c5 4. Bb5+ Nc6 5. Ne5 Bd7 6. Nxd7 Qxd7 7. d3 a6 8.
Ba4 Rb8 9. exd5 exd5 10. Qe2+ Be7 11. Nxd5 Qxd5 12. O-O Nf6 13. Bb3 Qd6 14. Re1
O-O 15. Qf3 Bd8 16. Bf4 Qd7 17. Bxb8 Nxb8 18. Ba4 Qxa4 19. b3 Qc6 20. Qxc6 Nxc6
21. Re3 Ng4 22. Rg3 Nge5 23. Re1 Ng6 24. Re4 Bh4 25. Rgg4 Bf6 26. Re3 Nce5 27.
Rge4 Re8 28. c3 Rf8 29. d4 Nc6 30. Re8 h6 31. R8e4 Bg5 32. Rf4 Bxf4 33. Rf3 Re8
34. g3 Bc1 35. Kg2 b5 36. c4 bxc4 37. bxc4 cxd4 38. Rb3 Nge5 39. Rb1 Bg5 40.
Rd1 d3 41. c5 d2 42. Kf1 Nd4 43. Kg2 Nc4 44. Kf1 Nb2 45. Rb1 Nc4 46. Rd1 Rd8
47. f4 Be7 48. Kf2 Nc2 49. Ke2 N2e3 50. c6 Nxd1 51. Kxd1 Nb2+ 52. Kc2 d1=Q+ 53.
Kc3 Qd3+ 54. Kxb2 Qe3 55. Kc2 Rd2+ 56. Kb1 Qe1# 0-1